000 00439nam a2200181Ia 4500
001 12918
005 20260306163016.0
008 260306t2008||||xx |||||||||||||| ||spa||
041 _aESP
082 _aRD 463
_bL26 2008
100 _aLarousse S. A.
_eAUT
245 0 _aLarousse diccionario enciclopédico 2008
260 _c2008
300 _a1824 páginas :
_c23 cm.
650 _aGEN
654 _aCHU
942 _cDIC
_dJUS
_fJUS
_2ddc
_n
999 _c12918
_d12918